[Event "CZE-chT2A 1516"]
[Site "Czech Republic"]
[Date "2016.04.17"]
[Round "11.7"]
[White "Pastierik, Peter"]
[Black "Kopriva, Martin"]
[Result "1/2-1/2"]
[WhiteElo "1803"]
[BlackElo "2020"]
[PlyCount "93"]
[EventDate "2015.10.18"]
[EventType "team-tourn"]
[EventRounds "11"]
[EventCountry "CZE"]
[SourceTitle "EXT 2022"]
[Source "ChessBase"]
[SourceDate "2021.10.06"]
[SourceVersion "1"]
[SourceVersionDate "2021.10.06"]
[SourceQuality "1"]
[WhiteTeam "Karlovy Vary"]
[BlackTeam "Plzen Kosutka"]
[WhiteTeamCountry "CZE"]
[BlackTeamCountry "CZE"]

1. d4 Nf6 2. c4 g6 3. Nf3 Bg7 4. Nc3 0-0 5. e3 d6 6. Be2 Nc6 7. 0-0 e5 8. dxe5 dxe5 9. a3 e4 10. Nd4 Ne5 11. c5 h5 12. h3 Qe7 13. b4 Be6 14. Nxe6 Qxe6 15. Qc2 Nd3 16. Nb5 Nd5 17. Rb1 Rad8 18. Nd4 Bxd4 19. exd4 N5f4 20. Bxf4 Nxf4 21. Bc4 Qe7 22. Rbd1 Qg5 23. Qxe4 Nxh3+ 24. Kh1 Rde8 25. Qf3 Nf4 26. g3 Ne6 27. Qxb7 h4 28. Bxe6 Rxe6 29. Qxc7 hxg3 30. Qxg3 Qd5+ 31. Qg2 Qh5+ 32. Qh2 Qf3+ 33. Qg2 Qh5+ 34. Kg1 Rfe8 35. f3 Qd5 36. Rd2 Kg7 37. b5 Qc4 38. b6 axb6 39. cxb6 Rxb6 40. Rfd1 Rd6 41. Qf1 Qd5 42. Re2 Ra8 43. Rd3 Ra4 44. Re5 Qa2 45. Re2 Qd5 46. Re5 Qa2 47. Re2 1/2-1/2

[Event "CZE-chT2A 1516"]
[Site "Czech Republic"]
[Date "2016.03.13"]
[Round "9.8"]
[White "Matyska, Jiri"]
[Black "Pastierik, Peter"]
[Result "1-0"]
[WhiteElo "1927"]
[BlackElo "1803"]
[PlyCount "75"]
[EventDate "2015.10.18"]
[EventType "team-tourn"]
[EventRounds "11"]
[EventCountry "CZE"]
[SourceTitle "EXT 2022"]
[Source "ChessBase"]
[SourceDate "2021.10.06"]
[SourceVersion "1"]
[SourceVersionDate "2021.10.06"]
[SourceQuality "1"]
[WhiteTeam "Praha Dukla"]
[BlackTeam "Karlovy Vary"]
[WhiteTeamCountry "CZE"]
[BlackTeamCountry "CZE"]

1. d4 d5 2. Nf3 Nf6 3. Bg5 e6 4. e3 Be7 5. Bd3 h6 6. Bf4 Nbd7 7. Nbd2 c5 8. c3 b6 9. Qe2 c4 10. Bc2 a6 11. Ne5 Nxe5 12. dxe5 Ng8 13. h4 g6 14. 0-0-0 Qc7 15. Qg4 Bf8 16. Nf3 Bg7 17. Nd4 Ne7 18. h5 g5 19. Bxg5 hxg5 20. f4 Bxe5 21. Qxg5 Rg8 22. Qxe5 Qxe5 23. fxe5 Rxg2 24. h6 Rg8 25. h7 Rh8 26. Rdg1 Bd7 27. Rg7 0-0-0 28. Rxf7 Rde8 29. Rg1 Kd8 30. Rgg7 b5 31. e4 dxe4 32. Bxe4 a5 33. Bc6 b4 34. Bxd7 Kxd7 35. Rf6 b3 36. axb3 cxb3 37. Nxb3 Kc6 38. Rxe6+ 1-0

[Event "CZE-chT2A 1516"]
[Site "Czech Republic"]
[Date "2015.12.06"]
[Round "4.6"]
[White "Pastierik, Peter"]
[Black "Cmiko, Jakub"]
[Result "0-1"]
[WhiteElo "1803"]
[BlackElo "2021"]
[PlyCount "82"]
[EventDate "2015.10.18"]
[EventType "team-tourn"]
[EventRounds "11"]
[EventCountry "CZE"]
[SourceTitle "EXT 2022"]
[Source "ChessBase"]
[SourceDate "2021.10.06"]
[SourceVersion "1"]
[SourceVersionDate "2021.10.06"]
[SourceQuality "1"]
[WhiteTeam "Karlovy Vary"]
[BlackTeam "Praha Oaza"]
[WhiteTeamCountry "CZE"]
[BlackTeamCountry "CZE"]

1. d4 Nf6 2. Bg5 d5 3. Nf3 e6 4. e3 Be7 5. Be2 0-0 6. 0-0 c6 7. Nbd2 Nbd7 8. c4 dxc4 9. Nxc4 Nd5 10. Bxe7 Qxe7 11. a3 N5b6 12. Rc1 Nxc4 13. Rxc4 e5 14. Nxe5 Nxe5 15. dxe5 Qxe5 16. Qd4 Qe7 17. Qe4 Qxe4 18. Rxe4 Be6 19. Rd1 Rfd8 20. Red4 Rxd4 21. Rxd4 Kf8 22. Bf3 Rc8 23. Kf1 Ke7 24. Ke2 Rc7 25. b4 b6 26. Bg4 c5 27. Re4 cxb4 28. Bxe6 fxe6 29. Rxb4 Rc2+ 30. Kf3 Ra2 31. Rb3 Rc2 32. Rd3 b5 33. e4 a6 34. Ke3 e5 35. h3 h6 36. g3 g5 37. f4 gxf4+ 38. gxf4 Rh2 39. fxe5 Rxh3+ 40. Ke2 Rxd3 41. Kxd3 h5 0-1

[Event "CZE-chT2A 1516"]
[Site "Czech Republic"]
[Date "2015.11.22"]
[Round "3.7"]
[White "Kracik, Dobroslav"]
[Black "Pastierik, Peter"]
[Result "1/2-1/2"]
[WhiteElo "1954"]
[BlackElo "1803"]
[PlyCount "34"]
[EventDate "2015.10.18"]
[EventType "team-tourn"]
[EventRounds "11"]
[EventCountry "CZE"]
[SourceTitle "EXT 2022"]
[Source "ChessBase"]
[SourceDate "2021.10.06"]
[SourceVersion "1"]
[SourceVersionDate "2021.10.06"]
[SourceQuality "1"]
[WhiteTeam "Line"]
[BlackTeam "Karlovy Vary"]
[WhiteTeamCountry "CZE"]
[BlackTeamCountry "CZE"]

1. e4 c6 2. Nc3 d5 3. Nf3 Bg4 4. exd5 cxd5 5. d4 Nc6 6. Be2 e6 7. Ne5 Nxe5 8. dxe5 Bxe2 9. Qxe2 a6 10. 0-0 Ne7 11. Kh1 Nc6 12. f4 Qc7 13. Bd2 h5 14. Rae1 Bc5 15. Nd1 Nd4 16. Qd3 Nf5 17. Ne3 Bxe3 1/2-1/2